The history and religious heritage of old Cairo : (Record no. 60727)
[ view plain ]
| 000 -الفاتح | |
|---|---|
| حقل البيانات ثابتة الطول | 01984cam a2200445 a 4500 |
| 005 - وقت وتاريخ اخر تعامل مع التسجيلة | |
| رقم الضبط | 20240530110425.0 |
| 008 - عناصر البيانات ثابتة الطول - معلومات عامة | |
| حقل البيانات ثابتة الطول | 110120s2013 ua ab f b 001 0 eng d |
| 020 ## - الرقم الدولى المعيارى للكتب | |
| الرقم الدولى المعيارى للكتاب | 9789774164590 (trade) |
| 020 ## - الرقم الدولى المعيارى للكتب | |
| الرقم الدولى المعيارى للكتاب | 9774164598 (trade) |
| 035 ## - رقم ضبط النظام | |
| رقم ضبط النظام | (OCoLC)ocn698331742 |
| 035 ## - رقم ضبط النظام | |
| رقم ضبط النظام | (OCoLC)698331742 |
| 040 ## - مصدر الفهرسة | |
| وكالة الفهرسة الأصلية | EG-CaGPL |
| وكالة النسخ | EG-CaGPL |
| 042 ## - | |
| -- | lccopycat |
| 043 ## - رمز المنطقة الجغرافية | |
| رمز المنطقة الجغرافية | f-ua--- |
| 082 04 - رقم تصنيف ديوى العشرى | |
| رقم الطبعة | 21 |
| رقم التصنيف | 962.16 |
| رقم المادة | CC/G H |
| 100 1# - المدخل الرئيسى - إسم شخصى | |
| الإسم الشخصى | Gabra, Gawdat. |
| 245 14 - بيان العنوان | |
| العنوان | The history and religious heritage of old Cairo : |
| بقية العنوان | its fortress, churches, synagogue, and mosque / |
| بيان المسئوليه,etc | Gawdat Gabra ... [et al.] ; edited by Carolyn Ludwig and Morris Jackson ; photographs by Sherif Sonbol. |
| 250 ## - بيان الطبعة | |
| بيان الطبعة | Ludwig Publishing edition. |
| 260 ## - PUBLICATION, DISTRIBUTION, ETC. (IMPRINT) | |
| تاريخ النشر أو التوزيع | 2013. |
| 300 ## - الوصف المادى | |
| التعداد | 334 p. : |
| تفاصيل ماديه اخرى للوعاء | ill. (some col.), col. maps; |
| أبعاد الوعاء | 31 cm. |
| 504 ## - تبصرة ببليوجرافية | |
| تبصرة ببليوجرافية,الخ | Includes bibliographical references (p. 320-329) and index. |
| 650 #0 - المدخل الاضافى بالموضوع-مصطلح موضوعى | |
| مصطلح موضوعي | Architecture |
| التقسيم الفرعي الجغرافي | Egypt |
| -- | Cairo. |
| 650 #0 - المدخل الاضافى بالموضوع-مصطلح موضوعى | |
| مصطلح موضوعي | Religious architecture |
| التقسيم الفرعي الجغرافي | Egypt |
| -- | Cairo. |
| 650 #0 - المدخل الاضافى بالموضوع-مصطلح موضوعى | |
| مصطلح موضوعي | Church buildings |
| التقسيم الفرعي الجغرافي | Egypt |
| -- | Cairo. |
| 650 #0 - المدخل الاضافى بالموضوع-مصطلح موضوعى | |
| مصطلح موضوعي | Synagogues |
| التقسيم الفرعي الجغرافي | Egypt |
| -- | Cairo. |
| 650 #0 - المدخل الاضافى بالموضوع-مصطلح موضوعى | |
| مصطلح موضوعي | Mosques |
| التقسيم الفرعي الجغرافي | Egypt |
| -- | Cairo. |
| 650 #0 - المدخل الاضافى بالموضوع-مصطلح موضوعى | |
| مصطلح موضوعي | Christianity |
| التقسيم الفرعي الجغرافي | Egypt |
| -- | Cairo. |
| 650 #0 - المدخل الاضافى بالموضوع-مصطلح موضوعى | |
| مصطلح موضوعي | Judaism |
| التقسيم الفرعي الجغرافي | Egypt |
| -- | Cairo. |
| 650 #0 - المدخل الاضافى بالموضوع-مصطلح موضوعى | |
| مصطلح موضوعي | Islam |
| التقسيم الفرعي الجغرافي | Egypt |
| -- | Cairo. |
| 651 #0 - المدخل الاضافى بالموضوع - اسم جغرافى | |
| الاسم الجغرافي | Cairo (Egypt) |
| التقسيم الفرعي العام | Buildings, structures, etc. |
| 651 #0 - المدخل الاضافى بالموضوع - اسم جغرافى | |
| الاسم الجغرافي | Cairo (Egypt) |
| التقسيم الفرعي العام | Description and travel. |
| 651 #0 - المدخل الاضافى بالموضوع - اسم جغرافى | |
| الاسم الجغرافي | Cairo (Egypt) |
| التقسيم الفرعي الشكلي | Pictorial works. |
| 651 #0 - المدخل الاضافى بالموضوع - اسم جغرافى | |
| الاسم الجغرافي | Cairo (Egypt) |
| التقسيم الفرعي العام | Religion. |
| 700 1# - المدخل الاضافى - اسم شخصى | |
| الإسم الشخصى | Ludwig, Carolyn. |
| 700 1# - المدخل الاضافى - اسم شخصى | |
| الإسم الشخصى | Jackson, Morris. |
| 700 1# - المدخل الاضافى - اسم شخصى | |
| الإسم الشخصى | Sunbul, Sharīf. |
| 942 ## - عناصر المدخل الإضافي( كوها) | |
| مصدر التصنيف او مخطط الترفيف | Dewey Decimal Classification |
| Koha [default] item type | كتاب |
| 260 ## - PUBLICATION, DISTRIBUTION, ETC. (IMPRINT) | |
| -- | Cairo : |
| -- | American University in Cairo Press, |
| 505 0# - تبصرة محتويات-الفهرس | |
| تبصرة المحتويات المصاغة | Preface / Carolyn Ludwig -- Introduction / Gawdat Gabra -- Chronology of events -- Plan of old Cairo / Nicholas Warner -- The fortress of Babylon in old Cairo / Gawdat Gabra -- The Jewish heritage of old Cairo / Stefan C. Reif -- The Christian heritage of old Cairo / Gertrud J.M. van Loon -- The coptic Museum / Gawdat Gabra -- The Islamic heritage of old Cairo / Tarek Swelim. |
| حالة التراجع | حالة الفقد | مصدر التصنيف او خطة الترفيف | حالة تلف | ليس للاعارة | المكان المؤقت | الموقع الحالى | تاريخ الاكتساب | اجمالي اﻻعارات | رقم الطلب | الباركود | تاريخ اخر مشاهدة | تاريخ تفعيل السعر | نوع وعاء كوها |
|---|---|---|---|---|---|---|---|---|---|---|---|---|---|
| ddc | مكتبة القاهرة الكبرى | مكتبة القاهرة الكبرى | 03/22/2015 | 962.16 CC/G H | 159835 | 03/22/2015 | 03/22/2015 | كتاب |

